Zdroje a kvalita vody v poľnohospodárstve

Bibliographic Details
Main Authors: Antonič, Michal (Author), Červenka, Ladislav (Author)
Format: Book
Language:Slovak
PhysicalDescription:337 strán diagramy, fotografie, grafy, mapy, tabuľky 25 cm 3 voľné mapové prílohy
Published: Bratislava Vydavateľstvo Slovenskej akadémie vied 1963
Edition:1. vyd.
Subjects:

MARC

LEADER 00000cam a2200000 a 4500
001 vtls001152516
003 SK-MaSNL
005 20260311123325.0
008 240226s1963 xo odblfrn 001 0 slo
015 |a SNBA1963 
020 |q (brožované) 
035 |a SNK000095398 
035 |a 1ECD49DE-FCB3-4D12-A7C8-2FC0CE0B6C97 
035 |a urn:nbn:sk:snk-am00ibah 
035 |a urn:nbn:sk:snk-am3j42t 
035 |a D78C5559-620A-40A5-9992-49DC11F299C3 
035 |a urn:nbn:sk:snk-am00glwn 
040 |a SNK  |b slo  |c SNK  |e AACR2 
041 0 |a slo  |b rus  |b ger 
043 |a e-cs--- 
044 |a xo  |c SK 
072 7 |a 63  |x Poľnohospodárstvo a príbuzné oblasti vedy a techniky  |2 konspekt 
080 |a 631  |2 2011 
080 |a 556  |2 2011 
080 |a 502.175:502.51  |2 2011 
080 |a 628.11  |2 2011 
080 |a (048.8)  |2 2011 
080 |a (437)  |2 2011 
100 1 |a Antonič, Michal  |4 aut  |9 378544 
245 1 0 |a Zdroje a kvalita vody v poľnohospodárstve  |c Michal Antonič, Ladislav Červenka 
250 |a 1. vyd. 
260 |a Bratislava  |b Vydavateľstvo Slovenskej akadémie vied  |c 1963 
300 |a 337 strán  |b diagramy, fotografie, grafy, mapy, tabuľky  |c 25 cm  |e 3 voľné mapové prílohy 
366 |e 1000 kusov 
504 |a Bibliografia na strane 301-310 ; vecný register na strane 319-334 
546 |a Text slovensky, resumé rusky a nemecky 
650 0 7 |a poľnohospodárstvo  |2 SNKPH  |9 679 
650 0 7 |a voda  |2 SNKPH  |9 854 
650 0 7 |a kvalita vody  |2 SNKPH  |9 26942 
650 0 7 |a vodné zdroje  |2 SNKPH  |9 69165 
650 0 7 |a Agriculture  |2 SNKPHeng  |9 265172 
650 0 7 |a Water  |2 SNKPHeng  |9 291971 
650 0 7 |a Water quality  |2 SNKPHeng  |9 290979 
650 0 7 |a Water catchment areas  |2 SNKPHeng  |9 329752 
651 7 |a Československo  |2 SNKPHgeo  |9 21376 
651 7 |a Czechoslovakia  |2 SNKPHeng  |9 265183 
655 7 |a monografie  |2 SNKPH  |9 70139 
655 7 |a Monographs  |2 SNKPHeng  |9 120675 
700 1 |a Červenka, Ladislav  |4 aut  |9 378545 
852 |a Slovenská národná knižnica 
954 |a odborná, vedecká literatúra pôvodná (slovenská)  |2 lita 
958 |a RK 
958 |a TL 
958 |a OND 
958 |a NB 
958 |a EUIPO 
999 |c 623239  |d 625169 
952 |a SNK  |b SNK  |y PREZ  |7 0  |p 17A0806951  |o snkSC 18548  |i snkKSP 598/64  |3 Obsahuje prílohu: 3 mapy  |z Obsahuje prílohu: 3 mapy  |0 0  |1 0  |4 0  |d 2012-08-28  |f 1  |l 0  |r 2025-07-25 00:00:00  |w 2026-02-23 
952 |t P60, <04>, [BOOK], {604}  |a SNK  |b SNK  |y VYP  |7 0  |p 17A0196285  |o snkSC 18548 D1  |0 0  |1 0  |4 0  |d 1999-06-14  |l 0  |r 2005-01-01 00:00:00  |w 2026-02-23 
952 |a SNK  |b SNK  |y PREZ  |7 0  |p 17A1470515  |o snkSC 18548/príl.  |i snkKSP 598/64  |z Príloha: 3 mapy  |0 0  |1 0  |4 0  |d 2021-12-09  |f 1  |l 0  |r 2025-07-25 00:00:00  |w 2026-02-23